| 000 | 00988nam a22002537a 4500 | ||
|---|---|---|---|
| 005 | 20240530110358.0 | ||
| 008 | 141229s2010 ua of f 000 0 ara d | ||
| 017 |
_a19468 _bمصر . دار الكتب المصرية |
||
| 020 | _a9770526355 | ||
| 040 | _aEG-CaGPL | ||
| 041 | 0 | _aara | |
| 082 | 0 | 4 |
_221 _a751.45\ _bأ ع |
| 100 | 0 | _aاسامة محمد مصطفى الفقى | |
| 245 | 1 | 0 |
_aعلموا اولادكم الرسم : _bالاسرار الفنية فى رسم اللوحات الزيتية / _cاسامة محمد مصطفى الفقى |
| 250 | _aط 1 | ||
| 260 |
_aالقاهرة : _bمكتبة الانجلو المصرية ، _c2010 |
||
| 300 |
_a342 ص : _bايض ؛ _c24 سم |
||
| 650 | 0 | 4 |
_aالرسم _xتعليم وتدريس |
| 650 | 0 | 4 | _aالرسم الزيتى |
| 650 | 0 | 4 |
_aالرسم الزيتى _xتعليم وتدريس |
| 650 | 0 | 4 |
_aالاطفال _xتعليم وتدريس _xرسم |
| 942 |
_2ddc _cBK |
||
| 999 |
_c60213 _d60213 |
||